Clic Quiz pour les Génies #9 - Statistiques

Statistiques générales
  • Ce quiz a été pris 33 fois
  • Le résultat moyen est 5 sur 20
Statistiques - réponses
Hint Explanation Réponse % Correct
Acide si ?? < 7
Neutre si ?? = 7
Basique si ?? > 7
Le pH sert à mesurer l’acidité ou la basicité d’une solution. Ainsi, dans un milieu aqueux à 25 °C :

une solution de pH = 7 est dite neutre ;
une solution de pH < 7 est dite acide ; plus son pH diminue, plus elle est acide ;
une solution de pH > 7 est dite basique ; plus son pH augmente, plus elle est basique.
PH
68%
Rapide pour remercier à l'écrit de l'autre côté de l'Atlantique : ?? Thank You en anglais et en raccourci TY
64%
D×D = AF
E×E = BE
F×F = CF
G×G = ??
A=1
B=2
C=3
D=4
E=5
F=6
G=7
H=8
I=9
DI
44%
L QSTN ST SNS V??
La question est sans voyelle LL
40%
H1968 ENGLOBER
E2016 ??I
E2024 PRIAS
Anagramme de Ville Hôte de JO

Hiver 1968 Grenoble
Été 2016 Rio
Été 2024 Paris
RO
36%
1 H
2 He
3 ??
4 Be
5 B
Numéro atomique / élément chimique / symbole
1 Hydrogène H
2 Hélium He
3 Lithium Li
4 Béryllium Be
5 Bore B
LI
32%
BALEINE = 7?? Cétacé AC
28%
« Nul n'est au-dessus des lois. » : NE?? EST SUPRA LEGIS Locution latine MO
24%
La réponse ne fait l'objet d'aucun doute : 1 10 ? ? Indiscuté : Qui ne fait l'objet d'aucun doute QT
24%
DMV
DMV??
DMVD
DMVT
DMVQ
DMVC
DMVS
C'est la 1ere lettre de chaque mot de 2020 à 2026. EU
20%
VO du Films "À armes égales" (1997) avec Demi Moore : ?.?. Jane À armes égales (G.I. Jane) est un film américano-britannique réalisé par Ridley Scott, sorti en 1997 GI
20%
RO ___ ___
RO CR ___
? ? ___ ___
Il s'agit du jeu du morpion. CR Croix RO Rond. C est au tour de CR de jouer. CR
16%
1991/1992 = EI EO
2022/2024 = EIAE ??
Ce sont les voyelles des femmes françaises qui ont été 1er ministre OE
8%
T.UQUCNDSCTCN = ?? Valeur de Pi avec la première lettre de chaque chiffre qui le compose PI
8%
NET
NEVELE
EVLE??
10
11
12
À l envers et en anglais
WT
8%
CE AN OY RV AI ?? CL AI RV OY AN CE CL
4%
DK en 2004 = ? ? 2 3 Diane Kruger a joué Hélène de Troie au cinéma en 2004 dans Troie LN
4%
Si HERON = U alors CHEVAL = ? ? Le Héron hue et le cheval hennit NI
4%
?--------P
Q--------M
W----?
Position des lettres sur un clavier classique azerty AN
0%
N = M + C + O + E + ?? Normandie = Manche + Calvados + Orne + Eure + Seine-Maritime SM
0%
Aucun quiz correspondant
Distribution des résultats
% des personnes avec chaque résultat
Percentile par nombre de réponses
Votre historique - résultats
Vous n’avez pas pris ce quiz